000 00383nam a22001337a 4500
008 240520b |||||||| |||| 00| 0 eng d
020 _a9780195747331
050 _aPL 8701 .N95 2019
100 _aNzioki,Shullam.
245 _aMkuu Mbona hivi/
260 _aNairobi-Kenya:
_bOxford,
_cc2019.
300 _a140p.;
_c20cm
942 _2lcc
_cAFRICANA
_hPL 8701 .N95 2019
999 _c32016
_d32016